ARRUPE JESUIT UNIVERSITY

CORONAVIRUS -STOP THE SPREAD - CLEAN,DISINFECT,COVER

Towards a rational philosophical anthropology / (Record no. 128191)

MARC details
000 -LEADER
fixed length control field 00808cam a2200253 i 4500
001 - CONTROL NUMBER
control field 4159863
003 - CONTROL NUMBER IDENTIFIER
control field ARRUPE
005 - DATE AND TIME OF LATEST TRANSACTION
control field 20180919125044.0
008 - FIXED-LENGTH DATA ELEMENTS--GENERAL INFORMATION
fixed length control field 780113s1977 ne b 001 0 eng
010 ## - LIBRARY OF CONGRESS CONTROL NUMBER
LC control number 78300043
015 ## - NATIONAL BIBLIOGRAPHY NUMBER
National bibliography number Ne***
020 ## - INTERNATIONAL STANDARD BOOK NUMBER
International Standard Book Number 9024720036
040 ## - CATALOGING SOURCE
Original cataloging agency DLC
Transcribing agency DLC
Modifying agency DLC
050 00 - LIBRARY OF CONGRESS CALL NUMBER
Classification number BD450
Item number .A37 1977
082 00 - DEWEY DECIMAL CLASSIFICATION NUMBER
Classification number 128/.3
300 ## - PHYSICAL DESCRIPTION
Dimensions 25 cm.
100 1# - MAIN ENTRY--PERSONAL NAME
Personal name Agassi, Joseph.
9 (RLIN) 42341
245 10 - TITLE STATEMENT
Title Towards a rational philosophical anthropology /
Statement of responsibility, etc by Joseph Agassi.
260 ## - PUBLICATION, DISTRIBUTION, ETC. (IMPRINT)
Place of publication, distribution, etc The Hague :
Name of publisher, distributor, etc M. Nijhoff,
Date of publication, distribution, etc 1977.
300 ## - PHYSICAL DESCRIPTION
Extent vii, 404 p. ;
440 #4 - SERIES STATEMENT/ADDED ENTRY--TITLE
Title The Van Leer Jerusalem Foundation series
9 (RLIN) 42342
504 ## - BIBLIOGRAPHY, ETC. NOTE
Bibliography, etc Includes bibliographical references and indexes.
650 #0 - SUBJECT ADDED ENTRY--TOPICAL TERM
Topical term or geographic name as entry element Philosophical anthropology.
9 (RLIN) 42343
906 ## - LOCAL DATA ELEMENT F, LDF (RLIN)
a 7
b cbc
c orignew
d 3
e ncip
f 19
g y-gencatlg
942 ## - ADDED ENTRY ELEMENTS (KOHA)
Source of classification or shelving scheme Library of Congress Classification
Koha item type Monograph ( Printed materials)
Holdings
Withdrawn status Lost status Source of classification or shelving scheme Damaged status Not for loan Collection code Home library Current library Shelving location Date acquired Total Checkouts Full call number Barcode Date last seen Price effective from Koha item type
    Library of Congress Classification     Main Collection ARRUPE LIBRARY ARRUPE LIBRARY Main Collection 19/09/2018   BD450 .A37 1977 46600002075 19/09/2018 19/09/2018 Monograph ( Printed materials)

 

Arrupe Library. PO Box MP320 Mt Pleasant, Harare, Zimbabwe
263 242 745411|librarian@aju.ac.zw